यूनिक प्रश्न-पत्र श्रृंखला समाजशास्त्र : (Record no. 121390)
[ view plain ]
| 000 -LEADER | |
|---|---|
| fixed length control field | 01364nam a22002297a 4500 |
| 005 - DATE AND TIME OF LATEST TRANSACTION | |
| control field | 20170124103214.0 |
| 010 ## - LIBRARY OF CONGRESS CONTROL NUMBER | |
| LC control number | B-240103 |
| 020 ## - INTERNATIONAL STANDARD BOOK NUMBER | |
| Terms of availability | 140.00 |
| International Standard Book Number | 8185570216 |
| 035 ## - SYSTEM CONTROL NUMBER | |
| System control number | B-240103 |
| 037 ## - SOURCE OF ACQUISITION | |
| Source of stock number/acquisition | Cen Lib/Ret |
| 040 ## - CATALOGING SOURCE | |
| Original cataloging agency | DPL |
| Language of cataloging | HN |
| 082 ## - DEWEY DECIMAL CLASSIFICATION NUMBER | |
| Classification number | 000 |
| Item number | यूनिक |
| 245 ## - TITLE STATEMENT | |
| Title | यूनिक प्रश्न-पत्र श्रृंखला समाजशास्त्र : |
| Statement of responsibility, etc | संपादक जे.के. चोपड़ा |
| Remainder of title | संघ/राज्य लोक सेवा योग सिविल सेवा प्रारंभिक (वैकल्पिक) परीक्षा / |
| 246 ## - VARYING FORM OF TITLE | |
| Title proper/short title | Yoonik prashan patr shrikhla samajshastra : sangh/rajya lok seva ayog civil sva prarambhik (vaikalpik) pariksha / |
| Remainder of title | sampak J.K. Chopda |
| 260 ## - PUBLICATION, DISTRIBUTION, ETC. (IMPRINT) | |
| Place of publication, distribution, etc | नयी दिल्ली |
| Name of publisher, distributor, etc | यूनिक पब्लिशेर्स |
| Date of publication, distribution, etc | 2008 |
| 270 ## - ADDRESS | |
| City | नयी दिल्ली |
| Address | 4574/15, पदम् चंद मार्ग, अंसारी रोड दरियागंज |
| Postal code | 110002 |
| 300 ## - PHYSICAL DESCRIPTION | |
| Extent | भिन्न पृष्ठ |
| Dimensions | 25सेमी(सजिल्द ) |
| 650 ## - SUBJECT ADDED ENTRY--TOPICAL TERM | |
| Topical term or geographic name as entry element | समाजशास्त्र -- परीक्षा |
| General subdivision | |
| Geographic subdivision | |
| 9 (RLIN) | 91517 |
| 650 ## - SUBJECT ADDED ENTRY--TOPICAL TERM | |
| Topical term or geographic name as entry element | Sociology. - exam |
| 9 (RLIN) | 96950 |
| 700 ## - ADDED ENTRY--PERSONAL NAME | |
| Personal name | चोपड़ा, जे.के. |
| 9 (RLIN) | 96951 |
| 942 ## - ADDED ENTRY ELEMENTS (KOHA) | |
| Source of classification or shelving scheme | Dewey Decimal Classification |
| Koha item type | Hindi Books |
| Classification part | 000 |
| Call number suffix | यूनिक |
| Withdrawn status | Lost status | Damaged status | Not for loan | Home library | Current library | Date acquired | Source of acquisition | Cost, normal purchase price | Total Checkouts | Full call number | Barcode | Date last seen | Copy number | Cost, replacement price | Price effective from | Koha item type | Public note |
|---|---|---|---|---|---|---|---|---|---|---|---|---|---|---|---|---|---|
| Written off | Central Library | Central Library | 06/10/2015 | Cen Lib/Ref | 140.00 | 000 यूनिक | B-240103 | 06/10/2015 | 1 | 140.00 | 06/10/2015 | Hindi Books | Written off on approval by DLB (By Circulation); dtd 15-06-2023 |
